[Event "SVK-ch U18 Girls"]
[Site "Lubovnianske Kupele"]
[Date "2012.03.22"]
[Round "7"]
[White "Skrabakova, Katarina"]
[Black "Kral, Klaudia"]
[Result "1-0"]
[WhiteElo "1998"]
[BlackElo "1944"]
[PlyCount "109"]
[EventDate "2012.03.17"]
[EventType "tourn"]
[EventRounds "10"]
[EventCountry "SVK"]
[SourceTitle "CBM 147 Extra"]
[Source "ChessBase"]
[SourceDate "2012.04.24"]
[SourceVersion "1"]
[SourceVersionDate "2012.04.24"]
[SourceQuality "1"]

1. e4 c5 2. Nf3 e6 3. d4 cxd4 4. Nxd4 Nc6 5. Nc3 Qc7 6. Be2 a6 7. 0-0 Nf6 8. Be3 d6 9. f4 Be7 10. Qe1 0-0 11. Qg3 Nxd4 12. Bxd4 b5 13. a3 Bb7 14. Bd3 e5 15. fxe5 Nh5 16. Qf2 dxe5 17. Bb6 Qd7 18. Rad1 Qe6 19. a4 b4 20. Nb1 Qg6 21. Nd2 Nf6 22. Qf5 Qxf5 23. exf5 Nd5 24. Bf2 Rac8 25. Be4 Rfd8 26. Nf3 f6 27. Rd2 Rc4 28. Bd3 Rc7 29. Rfd1 Rcd7 30. Be4 Kf8 31. c4 bxc3 32. bxc3 Bc6 33. c4 Nb4 34. Bxc6 Rxd2 35. Rxd2 Nxc6 36. Rxd8+ Bxd8 37. Nd2 Nd4 38. Bxd4 exd4 39. Ne4 Ke7 40. Kf2 Bc7 41. h3 a5 42. Ke2 g6 43. g4 Be5 44. Kd3 Kd7 45. Nd2 Kc6 46. Nb3 Kb6 47. Nxd4 Kc5 48. Ne6+ Kb4 49. c5 Kxa4 50. Kc4 Ka3 51. c6 a4 52. c7 Bxc7 53. Nxc7 Kb2 54. Nb5 a3 55. Nxa3 1-0

[Event "SVK-ch U18 Girls"]
[Site "Lubovnianske Kupele"]
[Date "2012.03.19"]
[Round "3"]
[White "Skrabakova, Katarina"]
[Black "Koselova, Zuzana"]
[Result "1/2-1/2"]
[WhiteElo "1998"]
[BlackElo "1803"]
[PlyCount "95"]
[EventDate "2012.03.17"]
[EventType "tourn"]
[EventRounds "10"]
[EventCountry "SVK"]
[SourceTitle "CBM 147 Extra"]
[Source "ChessBase"]
[SourceDate "2012.04.24"]
[SourceVersion "1"]
[SourceVersionDate "2012.04.24"]
[SourceQuality "1"]

1. e4 e5 2. Nf3 Nc6 3. Bc4 Bc5 4. c3 Nf6 5. d3 d6 6. h3 h6 7. Nbd2 0-0 8. Bb3 Bb6 9. Nf1 Ne7 10. Nh4 d5 11. Qf3 Qd6 12. Ng3 dxe4 13. dxe4 a5 14. 0-0 Nh7 15. Nh5 Ng6 16. Nf5 Bxf5 17. exf5 Ne7 18. Qg4 g5 19. h4 Kh8 20. hxg5 hxg5 21. f6 Nd5 22. Bxd5 Qxd5 23. Bxg5 Rg8 24. Ng7 Qd3 25. Bh4 Qg6 26. Qf3 c6 27. Nf5 Bd8 28. Ne7 Bxe7 29. fxe7 Rae8 30. Rad1 Ng5 31. Bxg5 Qxg5 32. Qh3+ Kg7 33. Rd7 Rxe7 34. Rxe7 Qxe7 35. Qe3 Kf8 36. Qh6+ Ke8 37. Re1 f6 38. f4 Qg7 39. Qxg7 Rxg7 40. fxe5 Re7 41. e6 Rg7 42. Kf2 Ke7 43. Kf3 Rg5 44. g4 Rd5 45. Re2 Rg5 46. c4 b5 47. b3 Rc5 48. cxb5 1/2-1/2

[Event "SVK-chT1W 1112"]
[Site "Slovakia"]
[Date "2012.03.03"]
[Round "10.3"]
[White "Skrabakova, Katarina"]
[Black "Kaniansky, Miroslav"]
[Result "1/2-1/2"]
[WhiteElo "2047"]
[BlackElo "2199"]
[PlyCount "58"]
[EventDate "2011.10.15"]
[EventType "team-tourn"]
[EventRounds "11"]
[EventCountry "SVK"]
[SourceTitle "EXT 2013"]
[Source "ChessBase"]
[SourceDate "2012.11.22"]
[SourceVersion "1"]
[SourceVersionDate "2012.11.22"]
[SourceQuality "1"]
[WhiteTeam "Povazska Bystrica"]
[BlackTeam "Prievidza II"]
[WhiteTeamCountry "SVK"]
[BlackTeamCountry "SVK"]

1. e4 e5 2. Nf3 Nc6 3. c3 Nf6 4. d4 Nxe4 5. d5 Nb8 6. Qe2 Nf6 7. Qxe5+ Be7 8. Bd3 d6 9. Qd4 0-0 10. 0-0 c5 11. dxc6 Nxc6 12. Qa4 Ne5 13. Be2 Bd7 14. Qc2 Bc6 15. Nbd2 Nxf3+ 16. Bxf3 d5 17. Nb3 Re8 18. Be3 Ne4 19. Nd4 Bf6 20. Bxe4 Rxe4 21. Nf3 Qe7 22. Rad1 Re8 23. Bd4 Bxd4 24. Nxd4 Qg5 25. Qd2 Qe7 26. h3 h6 27. Qc1 Qe5 28. Nf3 Qe7 29. Rfe1 Qf6 1/2-1/2

[Event "SVK-chT1W 1112"]
[Site "Slovakia"]
[Date "2012.01.08"]
[Round "7.3"]
[White "Skrabakova, Katarina"]
[Black "Gasa, Andrej"]
[Result "1-0"]
[WhiteElo "2047"]
[BlackElo "2257"]
[PlyCount "75"]
[EventDate "2011.10.15"]
[EventType "team-tourn"]
[EventRounds "11"]
[EventCountry "SVK"]
[SourceTitle "EXT 2013"]
[Source "ChessBase"]
[SourceDate "2012.11.22"]
[SourceVersion "1"]
[SourceVersionDate "2012.11.22"]
[SourceQuality "1"]
[WhiteTeam "Povazska Bystrica"]
[BlackTeam "Osuske"]
[WhiteTeamCountry "SVK"]
[BlackTeamCountry "SVK"]

1. e4 c5 2. Nf3 d6 3. d4 cxd4 4. Nxd4 Nf6 5. Nc3 a6 6. Be2 e6 7. 0-0 Qc7 8. f4 Be7 9. Be3 Nc6 10. Qe1 Nxd4 11. Bxd4 e5 12. fxe5 dxe5 13. Qg3 Bc5 14. Qxg7 Bxd4+ 15. Kh1 Rg8 16. Qxf6 Be6 17. Bh5 Qe7 18. Nd5 Bxd5 19. exd5 Qxf6 20. Rxf6 Rg5 21. Bxf7+ Ke7 22. Raf1 Bxb2 23. Rb6 Ba3 24. Rxb7+ Kd6 25. Rf6+ Kc5 26. Rc6+ Kd4 27. Rb3 e4 28. Rxa3 Rf5 29. Ra4+ Ke3 30. g3 Rxf7 31. Re6 Rf1+ 32. Kg2 Rf2+ 33. Kh3 Rxc2 34. Rexe4+ Kf2 35. d6 Rc6 36. Rad4 Rd8 37. d7 Kf3 38. Kh4 1-0

[Event "SVK-chT1W 1112"]
[Site "Slovakia"]
[Date "2011.12.11"]
[Round "6.4"]
[White "Skrabakova, Katarina"]
[Black "Nicolini, Alexander"]
[Result "0-1"]
[WhiteElo "2047"]
[BlackElo "2154"]
[PlyCount "24"]
[EventDate "2011.10.15"]
[EventType "team-tourn"]
[EventRounds "11"]
[EventCountry "SVK"]
[SourceTitle "EXT 2013"]
[Source "ChessBase"]
[SourceDate "2012.11.22"]
[SourceVersion "1"]
[SourceVersionDate "2012.11.22"]
[SourceQuality "1"]
[WhiteTeam "Povazska Bystrica"]
[BlackTeam "Trnava Lokomotiva"]
[WhiteTeamCountry "SVK"]
[BlackTeamCountry "SVK"]

1. e4 c6 2. d4 d5 3. exd5 cxd5 4. c4 e6 5. Nc3 Nf6 6. c5 Be7 7. Nf3 0-0 8. Qc2 Nc6 9. Bb5 Bd7 10. a3 Ne4 11. Nxe4 dxe4 12. Qxe4 Qa5+ 0-1

[Event "SVK-chT1W 1112"]
[Site "Slovakia"]
[Date "2011.12.10"]
[Round "5.4"]
[White "Borik, Juraj"]
[Black "Skrabakova, Katarina"]
[Result "1/2-1/2"]
[WhiteElo "2198"]
[BlackElo "2047"]
[PlyCount "64"]
[EventDate "2011.10.15"]
[EventType "team-tourn"]
[EventRounds "11"]
[EventCountry "SVK"]
[SourceTitle "EXT 2013"]
[Source "ChessBase"]
[SourceDate "2012.11.22"]
[SourceVersion "1"]
[SourceVersionDate "2012.11.22"]
[SourceQuality "1"]
[WhiteTeam "Dubnica nad Vahom II"]
[BlackTeam "Povazska Bystrica"]
[WhiteTeamCountry "SVK"]
[BlackTeamCountry "SVK"]

1. d4 d5 2. c4 e6 3. Nf3 Nf6 4. Nc3 c6 5. Bg5 Be7 6. e3 h6 7. Bf4 0-0 8. h3 Bd6 9. Ne5 dxc4 10. Bxc4 Qc7 11. 0-0 Nbd7 12. Nxd7 Bxd7 13. Bxd6 Qxd6 14. Qf3 c5 15. d5 exd5 16. Nxd5 Nxd5 17. Bxd5 Rab8 18. Rfd1 Qe7 19. Rac1 b6 20. b4 Ba4 21. Rd2 cxb4 22. Rc4 Rbc8 23. Re4 Rc1+ 24. Kh2 Qc7+ 25. g3 Rb1 26. Rc4 Qe7 27. Qf5 Rd1 28. Rxd1 Bxd1 29. Re4 Qc5 30. Rc4 Qe7 31. Re4 Qc5 32. Rc4 Qe7 1/2-1/2